000 00444nam a22001577a 4500
003 macl
005 20170106131253.0
008 170106b xxu||||| |||| 00| 0 eng d
040 _cmacl
082 _a400
100 _aNCERT
_94590
245 _aवसंत भाग 2
_bकक्षा 7
260 _aदिल्‍ली
_bएन सी र्इ आर टी
_c2007
650 _aहिंदी भाषा
_966392
942 _2ddc
_cHIN
999 _c55723
_d55723